Biblioteca

Die hellenistischen mysterienreligionen (Registro nro. 45903)

Detalles MARC
000 -LÍDER
Campo fijo de descripción fija 016470000a22002890004500
001 - NÚMERO DE CONTROL
Campo de control 19540
003 - IDENTIFICADOR DEL NÚMERO DE CONTROL
Campo de control CO-MdFUSB
005 - FECHA Y HORA DE LA ULTIMA TRANSACCIÓN
control field 20180716112918.0
008 - ELEMENTOS DE LONGITUD FIJA -- INFORMACIÓN GENERAL
Campo fijo de descripción fija -- Información general 180716t1927 gw ||||g |||| 00| 0 ger d
040 ## - FUENTE DE CATALOGACIÓN
Agencia de catalogación original CO-MdFUSB
Idioma de catalogación spa
Agencia que realiza la transcripción CO-MdFUSB
Agencia que realiza la modificación CO-MdFUSB
Convenciones de la descripción rda
041 ## - CÓDIGO DE IDIOMA
Código de idioma para texto/pista de sonido o título separado ger
082 ## - NÚMERO DE CLASIFICACIÓN DECIMAL DEWEY
Número de la edición del Dewey 24
Número de clasificación G 292.13
Clave de autor-Numero de item R379h
100 1# - ASIENTO PRINCIPAL--NOMBRE PERSONAL
Nombre personal Reitzenstein, R.
Término relacionador autor
245 14 - TÍTULO
Título del Material Die hellenistischen mysterienreligionen
Parte restante del título - Subtitulo : Nach ihren grundgedanken und wirkungen
Mención de responsabilidad, etc. / R. Reitzenstein
264 #1 - PRODUCCIÓN, PUBLICACIÓN, DISTRIBUCIÓN, MANUFACTURA, Y COPYRIGHT
Lugar de producción, publicación, distribución, manufactura Leipzig, Alemania :
Nombre del productor, publicador, distribuidor Von B. G. Teubner,
Fecha de producción, publicación, distribución, manufactura, o copyright ℗1927
300 ## - DESCRIPCIÓN FÍSICA
Extensión 438 páginas
Dimensiones ;
336 ## - TIPO DE CONTENIDO
Término de tipo de contenido texto
Código de tipo de contenido txt
Fuente rdacontent
337 ## - TIPO DE MEDIO
Fuente rdamedia
Nombre del tipo de medio sin mediación
Código del tipo de medio n
338 ## - TIPO DE SOPORTE
Fuente rdacarrier
Nombre del tipo de soporte volumen
Código Tipo de soporte nc
501 ## - NOTA DE “CON”
Nota de Contenido Incluye índices (p. 426-438)
505 0# - NOTA DE CONTENIDO
Nota de contenido con formato preestablecido De la contemplación y el perímetro de la sustancia -- Culto oriental y helenístico -- Místicos, guerreros santos y Dios Prisionero -- El efecto religioso del imperio persa -- El informe de Apuleyo -- El concepto helenístico de Pistia -- Filósofo y profeta -- Misterio y antigua religión -- Internalización de los misterios -- Sobre la unión de amor con Dios -- La elección, la vocación, la justificación, la transfiguración -- Los nombres de los transformados -- Virtudes y vicios como miembros -- Los nuevos fragmentos maniqueos -- Los términos gnosticismo y pneuma -- Pablo como la neumática -- El lenguaje del arte de los gnósticos -- El doble toque en el romanticismo -- La importancia del ser -- El desarrollo historial de San Pablo
563 ## - NOTA DE ENCUADERNACIÓN
Nota de encuadernación Pasta dura
650 #0 - ASIENTO SECUNDARIO DE MATERIA - TERMINO TEMÁTICO
9 (RLIN) 938
Término temático o nombre geográfico como elemento de entrada Dioses
653 ## - TÉRMINO DE INDIZACIÓN - NO CONTROLADO
Término no controlado Mitología -- religión clásica
942 ## - TIPO DE MATERIAL (KOHA)
Tipo de Item KOHA Libros General
Existencias
Estado de Material Estado de Perdido Forma de Clasificación Estado de Dañado No para Préstamo Colección Tomo Biblioteca de Origen Biblioteca Permanente Fecha de Adquisición Total de Préstamos Signatura Topográfica Código de Barras Última vez visto Ejemplar/Existencia Fecha de Remplazo Tipo de Material
    Dewey Decimal Classification     Colección General   Biblioteca FUSBC Biblioteca FUSBC 23/04/2015   G 292.13 R379h 19597 12/12/2019 Ej. 1 26/01/2016 Libros General

Biblioteca FUSBC | Teléfono: (57+4) 349 88 10 Ext. 141| WhatsApp (+57) 3005338115 
E-mail: biblioteca@unisbc.edu.co | Calle 76 87-14 Robledo Palenque, Medellín, Colombia

Con tecnología Koha